Most popular sports in India - Statistics

General Stats
  • This quiz has been taken 215 times
  • The average score is 6 of 10
Answer Stats
Hint Answer % Correct
1. Cricket
99%
3. Football
93%
4. Hockey
79%
6. Tennis
71%
2. Badminton
68%
10. Basketball
59%
8. Table tennis
43%
7. Chess
41%
9. Wrestling
39%
5. Athletics
18%
No matching quizzes found
Score Distribution
Percent of People with Each Score
Percentile by Number Answered
Your Score History
You have not taken this quiz